| 000 | 00823nam a2200193 i 4500 | ||
|---|---|---|---|
| 001 | 163981 | ||
| 003 | ES-MaACL | ||
| 005 | 20230906212842.0 | ||
| 008 | 050728s1873 cu | |||||||| ||spa d | ||
| 040 |
_aCAM _bspa _cCAM |
||
| 100 | 1 |
_aRosillo y Alquier, Fermín. _9132067 |
|
| 245 | 1 | 0 |
_aNoticia de dos ingenios y datos sobre la producción azucarera de la isla de Cuba / _cpor Fermín Rosillo y Alquier. |
| 260 |
_aLa Habana : _b[s.n.], _c1873 ( _fImprenta El Iris) |
||
| 300 |
_a49 p. ; _c22 cm. |
||
| 594 | _aPrecede al tit.: Comisión Provincial de la Isla de Cuba para la Exposición de Viena. | ||
| 611 | 2 | 4 |
_aExposición Universal. _d1873. _cViena) _9138874 |
| 650 | 4 |
_aIndustria azucarera- _zCuba. _9141523 |
|
| 852 |
_aES-MaACL _jT-617-F-13 _z-- Enc. hol., falto de la cub. original _z-- Enc. en un vol. facticio |
||
| 999 |
_c163981 _d163981 |
||